Obras de el V. P. Maestro Fray Luis de Granada, de la Orden de Santo Domingo

Detalles Bibliográficos
Autor principal: Luis de Granada, O. P., 1504-1588
Formato: Libro
Lenguaje:Undetermined
Spanish
Publicado: en Madrid : 1711
Materias:
Colección:Banco de datos
Acervo:Monasterio de Santa Catalina de Siena de la Orden de Santo Domingo de Puebla. Puebla
Descripción Física:t. ; 8º
Tema general:Ascética
LEADER 00732nam a2200157Ia 4500
008 150723s9999 xx 000 0 und d
041 0 |a spa 
100 1 |a Luis de Granada, O. P., 1504-1588 
245 1 0 |a Obras de el V. P. Maestro Fray Luis de Granada, de la Orden de Santo Domingo 
260 |a en Madrid :   |b por Antonio Gonzalez Reyes,   |c 1711 
300 |a  t.  |c  ; 8º 
650 1 0 |a Ascética 
949 |a Monasterio de Santa Catalina de Siena y Santa Ana del Convento de Dominicas del Estado de Puebla: t. 6, pte. 3 (10),. t. 9, pte. 3 (13), t. 10, pte. 4 (14), t. 22, pte. 1 (23), t. 23, pte. 2 (24) 
942 |c DOMPUE 
943 |g Monasterio de Santa Catalina de Siena de la Orden de Santo Domingo de Puebla. Puebla 
999 |c 1104803  |d 1104803